00358nam a22001097a 4500008004100000020001500041050002500056100002200081245010300103260002900206300001300235211129b |||||||| |||| 00| 0 eng d a9352501205 aRT98b.B37 2016b c.1 aBasavanthappa, BT aPractice Workbook of Community Health Nursing for BSc and PB BSc Nursing Students cBT Basanthappa aNew DelhibJaypeec2016  ax, 226p.